Nieistniejące państwa - Statystyki

Ogólne statystyki
  • Ten quiz został rozwiązany 432 razy
  • Średni wynik to 3 z 6
Statystyki odpowiedzi
Obrazkowy Hint Odpowiedź % Poprawnych
Wiedeń i Budapeszt Austro-Węgry
98%
Moskwa Związek Socjalistycznych Republik Radzieckich
60%
Kraków, później Warszawa Rzeczpospolita Obojga Narodów
55%
Rzym Cesarstwo Rzymskie
35%
Konstantynopol Cesarstwo Bizantyńskie
9%
Belgrad Socjalistyczna Federacyjna Republika Jugosławii
6%
Nie znaleziono quizów pasujących do podanych kryteriów
Rozkład punktacji
Procent ludzi z każdym wynikiem
Percentyl według liczby udzielonych odpowiedzi
Twoja historia wyników
Nie rozwiązałeś tego quizu